• 首页
  • 本馆介绍
  • 公告通知
  • 最新文献
  • 馆藏检索
  • 电子资源
  • 读者导购
  • 参考咨询
  • 我的图书馆
  • 登录
  • 详细信息显示
  • 放入我的书架
  • 预约/预借图书
  • 作者相关作品
  • 分类相关作品
  • 丛书相关作品
  • 出版社相关作品

书目信息

  • 表格格式
  • 工作单格式
  • 卡片格式
题名:
医学真菌学
    
 
作者: 王端礼
分册:  
出版信息: 北京   人民卫生出版社  2005
页数: 525
开本: 26cm
丛书名:
单 册:
中图分类: R446.5
科图分类:
主题词: 诊断学
电子资源:
ISBN: 7-117-06624-5
000 00578nam0 2200193 450
001 0741144344
005 20070817112544.34
010    @a7-117-06624-5@b精装@d¥248.00
100    @a20070817d km y0chiy0120 ea
101 0  @achi
200 1  @a医学真菌学@Ayi xue zhen jun xue@e实验室检验指南@f王端礼@Fwang duan li
210    @a北京@c人民卫生出版社@d2005
215    @a525@c彩图@d26cm
517 1  @a实验室检验指南@Ashi yan shi jian yan zhi nan
606 0  @a诊断学
690    @aR446.5@v3
701  0 @a王端礼@Awang duan li
801  0 @aCN@bPFT@c20070817
905    @a213230@dR446.5@en3@f1
    
    医学真菌学:实验室检验指南/王端礼.-北京:人民卫生出版社,2005
    525:彩图;26cm
    
    
    ISBN 7-117-06624-5(精装):¥248.00
    
●
相关链接 在E读中查询图书 在五车中查询图书 在当当中查询图书 在豆瓣中查询图书


正题名:医学真菌学     索取号:R446.5/n3         预约/预借

序号 登录号 条形码 馆藏地/架位号 状态 备注
1 6601508   266015082   密集书库-生命科学系/ [索取号:R446.5/n3] 在馆    
唐山师范学院图书馆 欢迎您!
大连网信软件有限公司© 版权所有